00298nam a22000977a 4500003000400000082001900004100005000023245005400073260006500127300000800192SGT a891.4309bG07K aकुमारप्पा, जो. कॉ.  a गांव आंदोलन क्यों? bमगन संग्राहलय समिति c2007 a198